[Event "Pune All India op 3rd"]
[Site "Pune"]
[Date "2019.04.30"]
[Round "3"]
[White "Viani, Antonio Dcunha"]
[Black "Menon, Padmanand"]
[Result "1-0"]
[WhiteElo "2368"]
[BlackElo "1588"]
[PlyCount "62"]
[EventDate "2019.04.29"]
[EventType "swiss"]
[EventRounds "8"]
[EventCountry "IND"]
[SourceTitle "CBM 190 Extra"]
[Source "ChessBase"]
[SourceDate "2019.07.15"]
[SourceVersion "1"]
[SourceVersionDate "2019.07.15"]
[SourceQuality "1"]

1. e4 d6 2. d4 Nf6 3. Nc3 e5 4. Nf3 Nbd7 5. Bc4 Be7 6. 0-0 0-0 7. Re1 c6 8. a4 Qc7 9. h3 h6 10. Be3 Re8 11. a5 Nf8 12. d5 Ng6 13. Bb3 Bf8 14. a6 Nh5 15. axb7 Bxb7 16. dxc6 Bxc6 17. Ng5 hxg5 18. Qxh5 Nf4 19. Qxg5 Ne6 20. Qh5 g6 21. Qd1 Bg7 22. Nd5 Bxd5 23. Bxd5 Rac8 24. Rxa7 Qxc2 25. Qxc2 Rxc2 26. Rb1 Rb8 27. b4 Nc7 28. b5 Nxd5 29. exd5 f5 30. b6 f4 31. b7 Kh7 1-0